[Event "Mittelfranken-chTB2a 0809"]
[Site "Mittelfranken"]
[Date "2008.10.26"]
[Round "2.1"]
[White "Hack, Klaus"]
[Black "Seitz, Hans"]
[Result "1/2-1/2"]
[WhiteElo "1826"]
[BlackElo "2018"]
[PlyCount "96"]
[EventDate "2008.10.12"]
[EventType "team"]
[EventRounds "9"]
[EventCountry "GER"]
[SourceTitle "EXT 2011"]
[Source "ChessBase"]
[SourceDate "2010.11.26"]
[SourceVersion "1"]
[SourceVersionDate "2010.11.26"]
[SourceQuality "1"]
[WhiteTeam "Nuernberg Sued SW III"]
[BlackTeam "Herzogenaurach"]
[WhiteTeamCountry "GER"]
[BlackTeamCountry "GER"]

1. d4 d5 2. c4 c6 3. cxd5 cxd5 4. Nc3 Nf6 5. Bf4 Nc6 6. e3 Bf5 7. Qb3 Na5 8. Bb5+ Bd7 9. Qa4 Nc6 10. Qb3 e6 11. Nf3 Be7 12. Bxc6 bxc6 13. h3 0-0 14. Rc1 Qb6 15. Qc2 Rfc8 16. 0-0 c5 17. Na4 Bxa4 18. Qxa4 a6 19. b3 Qb5 20. Qa3 Qb4 21. Qxb4 cxb4 22. Nd2 Kf8 23. f3 Ke8 24. Kf2 Kd7 25. g4 Ne8 26. Ke2 Nd6 27. Bxd6 Bxd6 28. f4 a5 29. Nf3 f6 30. Kd2 a4 31. Rxc8 Rxc8 32. bxa4 Ra8 33. Rc1 Rxa4 34. Rc2 Ra3 35. Ke2 Ra8 36. h4 h5 37. gxh5 Rh8 38. Kd3 Rxh5 39. Rg2 Rh7 40. Rg4 Kc6 41. Rg2 Kb5 42. Ne1 Kc6 43. Nf3 Kd7 44. Ke2 Ke7 45. Kf2 Kf7 46. Kg3 Rh8 47. Rc2 Ra8 48. h5 Ra3 1/2-1/2

[Event "Mittelfranken-ch QT 56th"]
[Site "Postbauer"]
[Date "2007.04.06"]
[Round "6"]
[White "Hack, Klaus"]
[Black "Bildt, Thomas"]
[Result "0-1"]
[WhiteElo "1854"]
[BlackElo "1983"]
[PlyCount "116"]
[EventDate "2007.04.04"]
[EventType "swiss"]
[EventRounds "7"]
[EventCountry "GER"]
[SourceTitle "EXT 2015"]
[Source "ChessBase"]
[SourceDate "2014.11.20"]
[SourceVersion "1"]
[SourceVersionDate "2014.11.20"]
[SourceQuality "1"]

1. c4 c6 2. e3 d5 3. b3 Nf6 4. Bb2 Bf5 5. Nf3 e6 6. Be2 h6 7. 0-0 Bd6 8. d4 Nbd7 9. Nc3 Ne4 10. Nxe4 Bxe4 11. Bd3 Bxd3 12. Qxd3 f5 13. a4 Nf6 14. Ba3 Bc7 15. cxd5 Qxd5 16. Qc4 g5 17. Rfd1 Ne4 18. Qxd5 exd5 19. Ne5 Bxe5 20. dxe5 g4 21. Rac1 Kd7 22. Kf1 Ke6 23. Ke2 Rhg8 24. Bb2 Rac8 25. Rc2 h5 26. Kd3 c5 27. Rdc1 b6 28. f3 gxf3 29. gxf3 Ng5 30. Rf1 Nf7 31. f4 h4 32. Rff2 h3 33. Rf3 Rh8 34. Ke2 Rcg8 35. Kf1 Rg4 36. Bc3 Nd8 37. Be1 Kd7 38. Bg3 Ne6 39. Rff2 a6 40. Rfd2 Kc6 41. Kf2 Ra8 42. Ra2 Nc7 43. Kf3 b5 44. axb5+ axb5 45. Rxa8 Nxa8 46. Ra2 Nc7 47. Ra7 Kb6 48. Ra2 b4 49. Ra4 Rg8 50. Ke2 Na6 51. Kd3 Kb5 52. Ra1 c4+ 53. Kd4 Nc5 54. Rb1 Nxb3+ 55. Kxd5 Nd2 56. Ra1 b3 57. e4 Nxe4 58. e6 c3 0-1

[Event "Mittelfranken-ch QT 56th"]
[Site "Postbauer"]
[Date "2007.04.04"]
[Round "2"]
[White "Mueller, Ludwig"]
[Black "Hack, Klaus"]
[Result "0-1"]
[WhiteElo "1733"]
[BlackElo "1854"]
[PlyCount "58"]
[EventDate "2007.04.04"]
[EventType "swiss"]
[EventRounds "7"]
[EventCountry "GER"]
[SourceTitle "EXT 2015"]
[Source "ChessBase"]
[SourceDate "2014.11.20"]
[SourceVersion "1"]
[SourceVersionDate "2014.11.20"]
[SourceQuality "1"]

1. Nf3 d5 2. b3 Bg4 3. Ne5 Bf5 4. e3 Nd7 5. Bb2 Ngf6 6. Be2 Nxe5 7. Bxe5 e6 8. 0-0 Bd6 9. f4 Bxe5 10. fxe5 Nd7 11. d4 Qg5 12. Rf3 f6 13. Rg3 Qh6 14. exf6 Nxf6 15. Nd2 0-0 16. h3 Rae8 17. Bd3 Bxd3 18. cxd3 e5 19. dxe5 Rxe5 20. e4 Nh5 21. Rf3 Nf4 22. Qf1 Rg5 23. g4 Rg6 24. exd5 Nxh3+ 25. Qxh3 Qxd2 26. Rxf8+ Kxf8 27. Rf1+ Kg8 28. Rf2 Qd1+ 29. Kh2 Rh6 0-1

[Event "CFriend AC-2003-Q-00013 email"]
[Site "Chessfriend.com"]
[Date "2003.09.01"]
[Round "?"]
[White "Gmuer, Albi"]
[Black "Hack, Klaus"]
[Result "1-0"]
[WhiteElo "2479"]
[BlackElo "1799"]
[PlyCount "33"]
[EventDate "2003.09.01"]
[EventType "tourn (corr)"]
[EventRounds "10"]
[SourceTitle "Corr 2008"]
[Source "ChessBase"]
[SourceDate "2008.06.24"]
[SourceVersion "1"]
[SourceVersionDate "2008.06.24"]
[SourceQuality "1"]

1. d4 Nf6 2. c4 e6 3. Bg5 d5 4. e3 c6 5. Nf3 Nbd7 6. Nbd2 h6 7. Bh4 Bd6 8. Bd3 0-0 9. 0-0 e5 10. cxd5 cxd5 11. Bg3 Qe7 12. dxe5 Nxe5 13. Bxe5 Bxe5 14. Nxe5 Qxe5 15. Qb3 Bg4 16. h3 Bh5 17. Qxb7 1-0

[Event "CFriend AH-2003-0-00004 email"]
[Site "Chessfriend.com"]
[Date "2003.09.01"]
[Round "1"]
[White "Hack, Klaus"]
[Black "Heinzer, Ralf"]
[Result "0-1"]
[WhiteElo "1799"]
[BlackElo "1727"]
[PlyCount "22"]
[EventDate "2003.??.??"]
[EventType "tourn (corr)"]
[EventRounds "6"]
[SourceTitle "Corr 2008"]
[Source "ChessBase"]
[SourceDate "2008.06.24"]
[SourceVersion "1"]
[SourceVersionDate "2008.06.24"]
[SourceQuality "1"]

1. Nf3 g6 2. c4 Bg7 3. Nc3 Nf6 4. g3 0-0 5. Bg2 d6 6. d4 Nc6 7. 0-0 e5 8. d5 Na5 9. Nd2 c5 10. e4 b6 11. b3 Ne8 0-1

[Event "CFriend AC-2003-Q-00013 email"]
[Site "Chessfriend.com"]
[Date "2003.09.01"]
[Round "?"]
[White "Hack, Klaus"]
[Black "Larsson, Mats"]
[Result "0-1"]
[WhiteElo "1799"]
[BlackElo "2365"]
[PlyCount "30"]
[EventDate "2003.09.01"]
[EventType "tourn (corr)"]
[EventRounds "10"]
[SourceTitle "Corr 2008"]
[Source "ChessBase"]
[SourceDate "2008.06.24"]
[SourceVersion "1"]
[SourceVersionDate "2008.06.24"]
[SourceQuality "1"]

1. Nf3 g6 2. c4 Bg7 3. Nc3 c5 4. g3 Nc6 5. Bg2 a6 6. e3 d6 7. d4 Bd7 8. d5 Na5 9. Qd3 b5 10. Nd2 Nh6 11. h3 0-0 12. Rb1 bxc4 13. Nxc4 Nxc4 14. Qxc4 Qa5 15. Bd2 Bb5 0-1

[Event "CFriend AC-2003-Q-00013 email"]
[Site "Chessfriend.com"]
[Date "2003.09.01"]
[Round "?"]
[White "Hack, Klaus"]
[Black "Sokolov, Andrei"]
[Result "0-1"]
[WhiteElo "1799"]
[BlackElo "2417"]
[PlyCount "22"]
[EventDate "2003.09.01"]
[EventType "tourn (corr)"]
[EventRounds "10"]
[SourceTitle "Corr 2008"]
[Source "ChessBase"]
[SourceDate "2008.06.24"]
[SourceVersion "1"]
[SourceVersionDate "2008.06.24"]
[SourceQuality "1"]

1. Nf3 d5 2. d4 Nf6 3. c4 c6 4. Nc3 a6 5. cxd5 cxd5 6. Bf4 Nc6 7. e3 Bg4 8. h3 Bxf3 9. Qxf3 e6 10. Rc1 Be7 11. Bd3 0-0 0-1

[Event "CFriend AC-2003-Q-00013 email"]
[Site "Chessfriend.com"]
[Date "2003.09.01"]
[Round "?"]
[White "Munoz, Lazaro"]
[Black "Hack, Klaus"]
[Result "1-0"]
[WhiteElo "1701"]
[BlackElo "1799"]
[PlyCount "25"]
[EventDate "2003.09.01"]
[EventType "tourn (corr)"]
[EventRounds "10"]
[SourceTitle "Corr 2008"]
[Source "ChessBase"]
[SourceDate "2008.06.24"]
[SourceVersion "1"]
[SourceVersionDate "2008.06.24"]
[SourceQuality "1"]

1. e4 d6 2. Nc3 Nf6 3. d4 Nbd7 4. Nf3 e5 5. Bc4 Be7 6. 0-0 h6 7. Qe2 c6 8. dxe5 dxe5 9. a4 Qc7 10. Nh4 g6 11. Kh1 Nc5 12. f4 Bg4 13. Nf3 1-0